<?xml version="1.0" encoding="UTF-8"?>
<record
    xmlns:xsi="http://www.w3.org/2001/XMLSchema-instance"
    xsi:schemaLocation="http://www.loc.gov/MARC21/slim http://www.loc.gov/standards/marcxml/schema/MARC21slim.xsd"
    xmlns="http://www.loc.gov/MARC21/slim">

  <leader>02544njm a2200445Ia 4500</leader>
  <controlfield tag="001">73446</controlfield>
  <controlfield tag="003">IT-RoPAU</controlfield>
  <controlfield tag="005">20220918181118.0</controlfield>
  <controlfield tag="008">131025s9999    xx            000 0 und d</controlfield>
  <datafield tag="040" ind1=" " ind2=" ">
    <subfield code="a">IT-RoPAU</subfield>
  </datafield>
  <datafield tag="040" ind1=" " ind2=" ">
    <subfield code="c">IT-RoPAU</subfield>
  </datafield>
  <datafield tag="041" ind1=" " ind2=" ">
    <subfield code="a">POLACCO</subfield>
  </datafield>
  <datafield tag="999" ind1=" " ind2=" ">
    <subfield code="c">99593</subfield>
    <subfield code="d">99593</subfield>
  </datafield>
  <datafield tag="999" ind1=" " ind2=" ">
    <subfield code="b">n.d.</subfield>
  </datafield>
  <datafield tag="100" ind1=" " ind2=" ">
    <subfield code="a">AA.VV.</subfield>
    <subfield code="9">794</subfield>
  </datafield>
  <datafield tag="100" ind1=" " ind2=" ">
    <subfield code="e">Autore musica</subfield>
    <subfield code="9">25044</subfield>
  </datafield>
  <datafield tag="100" ind1=" " ind2=" ">
    <subfield code="g">Codice autore musica SPICS: 12000</subfield>
    <subfield code="9">796</subfield>
  </datafield>
  <datafield tag="245" ind1=" " ind2=" ">
    <subfield code="a">Maly Szu (Lp Sx 2507)</subfield>
  </datafield>
  <datafield tag="250" ind1=" " ind2=" ">
    <subfield code="a">1a ed.</subfield>
  </datafield>
  <datafield tag="260" ind1=" " ind2=" ">
    <subfield code="a">POLONIA</subfield>
  </datafield>
  <datafield tag="260" ind1=" " ind2=" ">
    <subfield code="b">MUZA</subfield>
    <subfield code="c">1987 [1a Ed.:1987 - Ed. Lingua Orig.: 1987]</subfield>
  </datafield>
  <datafield tag="300" ind1=" " ind2=" ">
    <subfield code="a">DISCO</subfield>
  </datafield>
  <datafield tag="300" ind1=" " ind2=" ">
    <subfield code="c">44 minuti (Testo: 0 pag.)</subfield>
  </datafield>
  <datafield tag="500" ind1=" " ind2=" ">
    <subfield code="a">Musica leggera polacca. Canzone polacca</subfield>
  </datafield>
  <datafield tag="505" ind1=" " ind2=" ">
    <subfield code="a">Wszystko Lub Nic (5:00) - Jesli Jestes (6:00) - Gdybys Byl Podniebnym Ptakiem (5:00) - Maly Szu (5:00) - Tonight I Celebrate My Love (4:00) - Dom. Pies I On (3:00) - W Drodze Do Fontainebleau (5:00) - Liryczny Taniec (5:00) - Cos Smiesznego (5:00) - Summer Nights (5:00)</subfield>
  </datafield>
  <datafield tag="650" ind1=" " ind2=" ">
    <subfield code="a">CANZONE POLACCA [DISCHI]</subfield>
    <subfield code="e">Codice MATERIA SPICS: 9950</subfield>
    <subfield code="9">25045</subfield>
  </datafield>
  <datafield tag="700" ind1=" " ind2=" ">
    <subfield code="a">Kukulski J.</subfield>
    <subfield code="d">Codice autore musica SPICS: 25065</subfield>
    <subfield code="e">Autore musica</subfield>
    <subfield code="p">Wszystko Lub Nic</subfield>
    <subfield code="9">25046</subfield>
  </datafield>
  <datafield tag="700" ind1=" " ind2=" ">
    <subfield code="a">Kondratowicz J.</subfield>
    <subfield code="d">Codice autore testo/musica SPICS: 25196</subfield>
    <subfield code="e">Autore testo/musica</subfield>
    <subfield code="p">Wszystko Lub Nic - W Drodze Do Fontainebleau - Cos Smiesznego</subfield>
    <subfield code="9">25047</subfield>
  </datafield>
  <datafield tag="700" ind1=" " ind2=" ">
    <subfield code="a">Szularz Z.</subfield>
    <subfield code="d">Codice autore musica SPICS: 25465</subfield>
    <subfield code="e">Autore musica</subfield>
    <subfield code="p">Jesli Jestes</subfield>
    <subfield code="9">25048</subfield>
  </datafield>
  <datafield tag="700" ind1=" " ind2=" ">
    <subfield code="a">Bukowski J.</subfield>
    <subfield code="d">Codice autore testo/musica SPICS: 25552</subfield>
    <subfield code="e">Autore testo/musica</subfield>
    <subfield code="p">Jesli Jestes - Gdybys Byl Podniebnym Ptakiem</subfield>
    <subfield code="9">25049</subfield>
  </datafield>
  <datafield tag="700" ind1=" " ind2=" ">
    <subfield code="a">Mec B.</subfield>
    <subfield code="d">Codice autore musica SPICS: 25466</subfield>
    <subfield code="e">Autore musica</subfield>
    <subfield code="p">Gdybys Byl Podniebnym Ptakiem - Dom. Pies I On</subfield>
    <subfield code="9">25050</subfield>
  </datafield>
  <datafield tag="700" ind1=" " ind2=" ">
    <subfield code="a">Latalski M.</subfield>
    <subfield code="d">Codice autore musica SPICS: 25467</subfield>
    <subfield code="e">Autore musica</subfield>
    <subfield code="p">Maly Szu - Liryczny Taniec</subfield>
    <subfield code="9">25051</subfield>
  </datafield>
  <datafield tag="700" ind1=" " ind2=" ">
    <subfield code="a">Kurylo A.</subfield>
    <subfield code="d">Codice autore testo/musica SPICS: 25489</subfield>
    <subfield code="e">Autore testo/musica</subfield>
    <subfield code="p">Maly Szu - Dom. Pies I On - Liryczny Taniec</subfield>
    <subfield code="9">25052</subfield>
  </datafield>
  <datafield tag="700" ind1=" " ind2=" ">
    <subfield code="a">Masser M.</subfield>
    <subfield code="d">Codice autore musica SPICS: 15522</subfield>
    <subfield code="e">Autore musica</subfield>
    <subfield code="p">Tonight I Celebrate My Love</subfield>
    <subfield code="9">25053</subfield>
  </datafield>
  <datafield tag="700" ind1=" " ind2=" ">
    <subfield code="a">Pawlikowski A.</subfield>
    <subfield code="d">Codice autore musica SPICS: 25468</subfield>
    <subfield code="e">Autore musica</subfield>
    <subfield code="p">Dom. Pies I On</subfield>
    <subfield code="9">25054</subfield>
  </datafield>
  <datafield tag="700" ind1=" " ind2=" ">
    <subfield code="a">Gorny Z.</subfield>
    <subfield code="d">Codice autore musica SPICS: 25408</subfield>
    <subfield code="e">Autore musica</subfield>
    <subfield code="p">W Drodze Do Fontainebleau</subfield>
    <subfield code="9">25055</subfield>
  </datafield>
  <datafield tag="700" ind1=" " ind2=" ">
    <subfield code="a">Kopff A.</subfield>
    <subfield code="d">Codice autore musica SPICS: 25067</subfield>
    <subfield code="e">Autore musica</subfield>
    <subfield code="p">Cos Smiesznego</subfield>
    <subfield code="9">25056</subfield>
  </datafield>
  <datafield tag="700" ind1=" " ind2=" ">
    <subfield code="a">Kacperski W.</subfield>
    <subfield code="d">Codice autore musica SPICS: 25432</subfield>
    <subfield code="e">Autore musica</subfield>
    <subfield code="p">Summer Nights</subfield>
    <subfield code="9">25057</subfield>
  </datafield>
  <datafield tag="700" ind1=" " ind2=" ">
    <subfield code="a">Biel N.</subfield>
    <subfield code="d">Codice autore SPICS: 25491</subfield>
    <subfield code="e">Autore</subfield>
    <subfield code="p">Summer Nights</subfield>
    <subfield code="9">25058</subfield>
  </datafield>
  <datafield tag="942" ind1=" " ind2=" ">
    <subfield code="c">MD</subfield>
    <subfield code="2">ddc</subfield>
  </datafield>
  <datafield tag="952" ind1=" " ind2=" ">
    <subfield code="0">0</subfield>
    <subfield code="1">0</subfield>
    <subfield code="4">0</subfield>
    <subfield code="6">73446_000000000000000</subfield>
    <subfield code="7">1</subfield>
    <subfield code="a">SPICS</subfield>
    <subfield code="b">SPICS</subfield>
    <subfield code="d">2013-10-25</subfield>
    <subfield code="l">0</subfield>
    <subfield code="o">73446</subfield>
    <subfield code="r">2013-10-25 00:00:00</subfield>
    <subfield code="w">2013-10-25</subfield>
    <subfield code="y">MD</subfield>
    <subfield code="z">Progr. Ins.: 17727 / N.Vol.: 1 / Copie: 1 - Copia rara: n.d. / date import: 01.01.2014 - By Epidotti, Trombetti, Vaglietti</subfield>
  </datafield>
</record>
